[Event "New York op"]
[Site "New York"]
[Date "1989.??.??"]
[Round "4"]
[White "Murshed, Niaz"]
[Black "Rowley, Robert"]
[Result "1/2-1/2"]
[WhiteElo "2475"]
[BlackElo "2400"]

1.d4 d5 2.Nf3 Nf6 3.c4 c6 4.Qc2 Bg4 5.Ne5 Bh5 6.cxd5 cxd5 7.Nc3 e6 8.e4 a6
9.Qb3 b5 10.exd5 Nxd5 11.g4 Bg6 12.Bg2 Bb4 13.O-O Bxc3 14.bxc3 O-O 15.f4 Nb6
16.Bxa8 Nxa8 17.f5 exf5 18.Nxg6 hxg6 19.gxf5 gxf5 20.Ba3 Qg5+ 21.Kh1 Rd8
22.Rac1 Nc6 23.d5 Na5 24.Qd1 f4 25.Be7 Qxd5+ 26.Qxd5 Rxd5 27.Bb4 Nb6 28.Bxa5 Nc4
29.Bc7 g5 30.Rcd1 Rc5 31.Bd6 Rc6 32.Be7 f6 33.Rfe1 Kf7 34.Rd7 Kg6 35.Kg1 Ne5
36.Rd6 Rxd6 37.Bxd6 Nf3+ 38.Kf2 Nxe1 39.Kxe1 Kf5 40.Ke2 Ke4 41.Be7 g4 42.Bxf6 g3
43.hxg3 fxg3 44.Bh4 g2 45.Bf2 Kd5 46.Kd3 Ke5 47.Bg1 Kd5 48.Bd4 Kc6 49.a3 a5
50.Ke4 Kd6 51.Bf2 Kc6 52.Kd4 Kd6 53.Bg1 Kc6 54.Bh2 Kb6 55.Kd3 Kc5 56.Bg1+ Kd5
57.Be3 Ke5 58.Bb6 Kd5 59.Bd4 Kc6 60.Ke4 Kd6 61.Bg1 Kc6 62.Ke3 Kd5 63.Kd3 Ke5
64.Ke2 Kd5 65.a4 b4 66.cxb4  1/2-1/2

[Event "Niedersachsen-NRW"]
[Site "Niedersachsen"]
[Date "1989.??.??"]
[Round "?"]
[White "Panzer, Peter"]
[Black "Pieper Emden, Carsten"]
[Result "1/2-1/2"]
[WhiteElo "2270"]
[BlackElo "2350"]

1.d4 d5 2.c4 c6 3.Nf3 Nf6 4.Qc2 a6 5.Bf4 e6 6.e3 Be7 7.Nc3 b5 8.cxb5 cxb5
9.Bd3 Bb7 10.O-O Nc6 11.Qe2 O-O 12.a4 b4 13.Nb1 Ne4 14.Nbd2 Nxd2 15.Nxd2 Qb6
16.Rfc1 Rfc8 17.Qg4 Na5 18.Qg3 Bc6 19.Bd6 Bxd6 20.Qxd6 Nb7 21.Qe5 Be8 22.Qh5 h6  1/2-1/2

[Event "Niedersachsen-Baden"]
[Site "Niedersachsen"]
[Date "1989.??.??"]
[Round "?"]
[White "Panzer, Peter"]
[Black "Ostl, Andreas"]
[Result "1-0"]
[WhiteElo "2270"]
[BlackElo "2295"]

1.d4 d5 2.c4 c6 3.Nf3 Nf6 4.Qc2 g6 5.Bf4 Bg7 6.e3 Bf5 7.Qb3 Qc8 8.Nc3 e6
9.Be2 h6 10.Bd6 g5 11.Ne5 Nbd7 12.O-O Nxe5 13.dxe5 Nd7 14.f4 gxf4 15.exf4 h5
16.cxd5 exd5 17.Rac1 Qd8 18.Qxb7 Qb6+ 19.Qxb6 axb6 20.Bf3 Bf8 21.Bxf8 Kxf8
22.Ne2 Rxa2 23.Rxc6 Rxb2 24.Nd4 Bd3 25.Rd1 Nc5 26.e6 Kg7 27.Rc7 Rd8 28.Bxd5 Rb4
29.e7 Rh8 30.Bc6 Rxd4 31.e8=Q Rxe8 32.Bxe8 Rxf4 33.Rxc5 bxc5 34.Rxd3 Kf6
35.Rf3 Rxf3 36.gxf3 Ke6 37.Kf2  1-0

[Event "Novi Sad op"]
[Site "Novi Sad"]
[Date "1989.??.??"]
[Round "5"]
[White "Tabatadze, Tamaz"]
[Black "Guzijan, Miodrag"]
[Result "1/2-1/2"]
[WhiteElo "2365"]
[BlackElo "2290"]

1.d4 d5 2.c4 c6 3.Nf3 Nf6 4.Qc2 g6 5.Bf4 Bg7 6.e3 O-O 7.Bd3 Na6 8.a3 c5 9.Nbd2 cxd4
10.exd4 dxc4 11.Bxc4 Nd5 12.Be5 Bf5 13.Qd1 Bxe5 14.dxe5 Nf4 15.O-O Nc5 16.b4 Nce6
17.Qb3 Bd3 18.Rfd1 Be2 19.Bxe2 Nxe2+ 20.Kh1 N2d4 21.Qa2 Nxf3 22.Nxf3 Qb6
23.Kg1 Rfd8 24.h4 a5 25.Qc4 axb4 26.axb4 Rxa1 27.Rxa1 Qc6 28.Qb3 Qe4 29.Rc1 h6  1/2-1/2

[Event "Olomouc"]
[Site "Olomouc"]
[Date "1989.??.??"]
[Round "?"]
[White "Konopka, Michal"]
[Black "Schurade, Matthias"]
[Result "1-0"]
[WhiteElo "2405"]
[BlackElo "2385"]

1.Nf3 Nf6 2.c4 c6 3.d4 d5 4.Qb3 dxc4 5.Qxc4 g6 6.Nc3 Bg7 7.g3 O-O 8.Bg2 Bf5
9.O-O Nbd7 10.e3 e5 11.Qb3 Qb6 12.Qxb6 axb6 13.Nxe5 Nxe5 14.dxe5 Nd7 15.f4 Nc5
16.e4 Be6 17.Be3 Rfd8 18.Rfd1 Bf8 19.h3 b5 20.Rxd8 Rxd8 21.a3 Bb3 22.Bf1 Bc2
23.Rc1 Bb3 24.Kf2 Nd3+ 25.Bxd3 Rxd3 26.Ne2 Bc4 27.Rc2 Rd1 28.Rd2 Rxd2 29.Bxd2 Bc5+
30.Kf3 h5 31.g4 hxg4+ 32.hxg4 Bb3 33.Be3 Be7 34.f5 b4 35.axb4 Bxb4 36.Kf4 Be7
37.Nd4 Bc4 38.b3 Bf1 39.e6 c5 40.exf7+ Kxf7 41.Nf3 gxf5 42.gxf5 b5 43.e5 Bd3
44.Ng5+ Ke8 45.f6 Bf8 46.Ne6 c4 47.Nxf8 cxb3 48.e6 b2 49.f7+ Ke7 50.Bc5+  1-0

[Event "Thaelmann mem"]
[Site "Ost-Berlin"]
[Date "1989.??.??"]
[Round "?"]
[White "Zaichik, Gennadi"]
[Black "Tischbierek, Raj"]
[Result "1/2-1/2"]
[WhiteElo "2500"]
[BlackElo "2475"]

1.d4 d5 2.c4 c6 3.Nf3 Nf6 4.Qc2 dxc4 5.Qxc4 Bf5 6.Nc3 e6 7.g3 Be7 8.Bg2 O-O
9.O-O Nbd7 10.Bg5 Ne4 11.Bxe7 Qxe7 12.Rfd1 Nxc3 13.Qxc3 Be4 14.Rac1 Rfd8
15.Ne1 Bxg2 16.Nxg2 Nf6 17.f3 Nd5 18.Qb3 Rd7 19.e4 Nb6 20.Ne3 Rad8 21.Qc3 h5
22.Rd2 c5  1/2-1/2

[Event "Porz op23"]
[Site "Porz"]
[Date "1989.??.??"]
[Round "7"]
[White "Sonntag, Hans Hubert"]
[Black "Becher, Helmut"]
[Result "1-0"]
[WhiteElo "2375"]
[BlackElo "2295"]

1.d4 d5 2.Nf3 Nf6 3.c4 c6 4.Qc2 g6 5.Bg5 Bg7 6.e3 Qa5+ 7.Nc3 Na6 8.Be2 O-O
9.O-O Bg4 10.c5 b6 11.a3 b5 12.Ne5 Bxe2 13.Qxe2 Nb8 14.b4 Qd8 15.a4 Ne4 16.Nxe4 dxe4
17.axb5 f6 18.Qc4+ Qd5 19.bxc6 Qxc4 20.Nxc4 Nxc6 21.Bh4 Nxb4 22.Rfb1 Nd5
23.Rb7 Rfc8 24.Rd7 e6 25.Bg3 Bf8 26.h3 Rc6 27.Raxa7 Rxa7 28.Rxa7 e5 29.Ra8 Kf7
30.Bxe5  1-0

[Event "SWE-ch"]
[Site "?"]
[Date "1989.??.??"]
[Round "?"]
[White "Bergstrom, Christer"]
[Black "Wiedenkeller, Michael"]
[Result "1/2-1/2"]
[WhiteElo "2460"]
[BlackElo "2430"]

1.Nf3 d5 2.d4 Nf6 3.c4 c6 4.g3 dxc4 5.Bg2 b5 6.Ne5 Bb7 7.a4 a6 8.b3 cxb3
9.Qxb3 e6 10.axb5 axb5 11.Rxa8 Bxa8 12.O-O Bd6 13.Qa2 Bb7 14.Qa7 Qc7 15.Ba3 b4
16.Nc4 O-O 17.Nxd6 Qxd6 18.Qxb7 bxa3 19.Qa7 a2  1/2-1/2

[Event "SWZ-ch int"]
[Site "?"]
[Date "1989.??.??"]
[Round "1"]
[White "Klinger, Josef"]
[Black "Campora, Daniel H"]
[Result "1/2-1/2"]
[WhiteElo "2475"]
[BlackElo "2495"]

1.d4 d5 2.c4 c6 3.Nf3 Nf6 4.Qc2 g6 5.Bf4 Bg7 6.e3 O-O 7.Nc3 Na6 8.Be2 c5
9.O-O cxd4 10.exd4 dxc4 11.Bxc4 Bg4 12.Be2 Nb4 13.Qb3 Nfd5 14.Bg3 Nb6 15.Rfc1  1/2-1/2

[Event "Tapolca"]
[Site "Tapolca"]
[Date "1989.??.??"]
[Round "?"]
[White "Gyorkos, Lajos"]
[Black "Kumric, D."]
[Result "1-0"]
[WhiteElo "2370"]
[BlackElo "2200"]

1.d4 d5 2.c4 c6 3.Nf3 Nf6 4.Qc2 e6 5.g3 Nbd7 6.Bg2 Be7 7.O-O O-O 8.Nbd2 Re8
9.b3 Bf8 10.Bb2 g6 11.Rfe1 Bg7 12.Rad1 b6 13.e4 dxe4 14.Nxe4 Nxe4 15.Qxe4 Bb7
16.Ne5 Qc7 17.Ba3 Rac8 18.h4 Ba8 19.c5 Nf6 20.Qd3 b5 21.Bc1 Rcd8 22.Bf4 Qc8
23.Bg5 h6 24.Qf3  1-0

[Event "Legion op"]
[Site "Warsaw"]
[Date "1989.??.??"]
[Round "5"]
[White "Adamski, Jan"]
[Black "Lukasiewicz, Grzegorz"]
[Result "1-0"]
[WhiteElo "2435"]
[BlackElo "2330"]

1.Nf3 Nf6 2.c4 c6 3.d4 d5 4.Qb3 dxc4 5.Qxc4 g6 6.Nc3 Bg7 7.e4 O-O 8.Qb3 a5
9.Be2 b5 10.Qc2 Na6 11.Bf4 b4 12.Na4 b3 13.Qxb3 Nxe4 14.a3 c5 15.Qc2 Bb7
16.dxc5 Bc6 17.Nb6 Naxc5 18.Nxa8 Qxa8 19.Be5 Ba4 20.Qc4 Bb3 21.Qd4 f6 22.Bg3 e5
23.Qe3 Rb8 24.O-O h5 25.Nd2 Nxd2 26.Qxd2 Bd5 27.Qc2 Nb3 28.Rad1 Bxg2 29.Bc4+ Kh8
30.Bxb3  1-0

[Event "Legion op"]
[Site "Warsaw"]
[Date "1989.??.??"]
[Round "11"]
[White "Adamski, Jan"]
[Black "Stoinev, Metodi"]
[Result "1-0"]
[WhiteElo "2435"]
[BlackElo "2340"]

1.c4 Nf6 2.d4 c6 3.Nf3 d5 4.Qb3 Qb6 5.Nc3 Qxb3 6.axb3 Bf5 7.c5 Na6 8.e4 Nb4
9.Ra4 Nc2+ 10.Kd1 Nxe4 11.Nxe4 dxe4 12.Nh4 Nxd4 13.Rxd4 e5 14.Ra4 Be6 15.Rxe4 Bxc5
16.Rxe5 Bd4 17.Re4 O-O-O 18.Bc4 Bxc4 19.bxc4 Bxb2+ 20.Kc2 Bf6 21.Nf3 Rd7
22.Rhe1 Rhd8 23.Re8 a5 24.Bd2 b6 25.c5 Kb7 26.Rxd8 Bxd8 27.Ne5 Rd5 28.cxb6 Bxb6
29.Nc4 Bd8 30.Re5 Rd7 31.Nxa5+ Ka6 32.Nb3 Rd6 33.Be3 Bf6 34.Ra5+ Kb7 35.Ra7+ Kc8
36.Rxf7 Rd5 37.g3 Rb5 38.Ra7 h5 39.Ra8+  1-0

[Event "Werfen op"]
[Site "Werfen"]
[Date "1989.??.??"]
[Round "3"]
[White "Milovanovic, Rade"]
[Black "Herndl, Harald"]
[Result "0-1"]
[WhiteElo "2415"]
[BlackElo "2280"]

1.d4 d5 2.c4 c6 3.Nf3 Nf6 4.Qc2 g6 5.e3 Bf5 6.Qb3 Qb6 7.c5 Qxb3 8.axb3 Bxb1
9.Rxb1 Nbd7 10.b4 a6 11.Ra1 Rc8 12.b3 Bg7 13.Bb2 O-O 14.Be2 Ne4 15.h4 f5
16.g3 h6 17.Ne5 Nxe5 18.dxe5 g5 19.hxg5 hxg5 20.Bh5 g4 21.Bg6 Ng5 22.Rh5 Nf3+
23.Ke2 e6 24.Rah1 Rfd8 25.Bh7+ Kf7 26.Bxf5 exf5 27.e6+ Kg6 28.Bxg7 Kxg7 29.Rxf5 Re8
30.Rf7+ Kg6 31.Rxb7 Rxe6 32.Rhh7 Ng5 33.Rhg7+ Kf6 34.Rgd7 Rf8 35.Ra7 Ke5
36.Rg7 Ne4 37.Raf7 Rxf7 38.Rxf7 Rf6 39.Re7+ Kf5 40.Ra7 Kg6 41.Rxa6 Rxf2+
42.Ke1 Rf6 43.b5 cxb5 44.c6 Kf5 45.Rb6 Rf8 46.Rxb5 Ke5 47.b4 Nxg3 48.Rb7 Nf5
49.Rd7 g3 50.Kf1 Nxe3+ 51.Ke2 Nf5 52.Kf3 Nd4+ 53.Kxg3 Nxc6 54.b5 Nd4 55.b6 Rb8
56.b7 Nf5+ 57.Kf3 Nd6  0-1

[Event "JUG-chT"]
[Site "Zlatibor"]
[Date "1989.??.??"]
[Round "?"]
[White "Dizdarevic, Emir"]
[Black "Drasko, Milan"]
[Result "1/2-1/2"]
[WhiteElo "2495"]
[BlackElo "2485"]

1.Nf3 Nf6 2.c4 c6 3.d4 d5 4.Qc2 g6 5.Bf4 Bg7 6.e3 O-O 7.Nc3 Bf5 8.Bd3 Bxd3
9.Qxd3 Qa5 10.O-O Nbd7 11.Rfd1 dxc4 12.Qxc4 Nd5 13.Nxd5 cxd5 14.Qb3 b6 15.Rac1 Rfc8
16.Rc2 e6 17.Rdc1 Qa6 18.h3 Bf6 19.a4 Bd8 20.Ne5 Nxe5 21.Bxe5 Rxc2 22.Qxc2 b5
23.b3 bxa4 24.bxa4 Kf8 25.g4 Ke8 26.a5 Qb5 27.Rb1 Qc4 28.Qb2 Rc8 29.Qb7 a6
30.Rb6 Qc2  1/2-1/2

[Event "JUG-chT"]
[Site "Zlatibor"]
[Date "1989.??.??"]
[Round "?"]
[White "Simic, Radoslav"]
[Black "Blagojevic, Dragisa"]
[Result "1-0"]
[WhiteElo "2460"]
[BlackElo "2400"]

1.d4 d5 2.c4 c6 3.Nf3 Nf6 4.Qc2 g6 5.Bf4 Bg7 6.e3 O-O 7.Nc3 Na6 8.Rc1 c5
9.Be5 Nb4 10.Qb3 dxc4 11.Bxc4 cxd4 12.Qxb4 dxc3 13.Rd1 Qb6 14.Bxc3 Ne4 15.Bxf7+ Rxf7
16.Qxe4 Bf5 17.Qa4 Bxc3+ 18.bxc3 Rc8 19.O-O Rff8 20.c4 Be6 21.Rd4 Qc6 22.Qb4 Rc7
23.Ne5 Qc5 24.Qxc5 Rxc5 25.Nd7 Bxd7 26.Rxd7 Rxc4 27.Rxb7 Ra4 28.Rxe7 Rxa2
29.g4 a5 30.Kg2 a4 31.Kg3 a3 32.Ra7 Rf7 33.Rxf7 Kxf7 34.Rc1 Rd2 35.Rc6 a2
36.Ra6 h6 37.h4 Rb2 38.f4 Re2 39.Kf3 Rb2 40.f5 g5 41.hxg5 hxg5 42.e4 Rb3+
43.Kf2 Rb2+ 44.Ke3 Rg2 45.Kd4 Rb2 46.Ra7+ Kf8 47.Ke5  1-0

[Event "Zuerich op"]
[Site "Zuerich"]
[Date "1989.??.??"]
[Round "?"]
[White "Wirthensohn, Heinz"]
[Black "Haas, Carmi"]
[Result "1-0"]
[WhiteElo "2395"]
[BlackElo "2230"]

1.Nf3 Nf6 2.c4 c6 3.d4 d5 4.Qb3 dxc4 5.Qxc4 g6 6.Nc3 Bg7 7.e4 O-O 8.Be2 b5
9.Qb3 a5 10.Qc2 Na6 11.O-O a4 12.Bf4 Nh5 13.Be3 f5 14.exf5 Bxf5 15.Qd2 Nf6
16.Bh6 Qd6 17.Bf4 Qb4 18.a3 Qb3 19.Bd1 Qf7 20.Ne5 Qe8 21.Bf3 Rc8 22.Rfe1 Bd7
23.Re2 Qd8 24.Rae1 Be8 25.Bg3 Qb6 26.Ng4 h5 27.Nxf6+ Bxf6 28.d5 Rd8 29.Be5 Nc5
30.Bxf6 exf6 31.Qh6 Nd3 32.Rf1 Ne5 33.Be4 Qc7 34.h3 f5 35.Bb1 Qd6 36.Rfe1 Nf7
37.Qc1 Bd7 38.Re6 Bxe6 39.Rxe6 Qd7 40.Rxg6+ Kh8 41.Qd1  1-0

[Event "JUG-chT FL"]
[Site "Arandjelovac"]
[Date "1990.??.??"]
[Round "2"]
[White "Nikcevic, Nebojsa"]
[Black "Vencl, Radivoje"]
[Result "1-0"]
[WhiteElo "2365"]
[BlackElo "2305"]

1.d4 Nf6 2.Nf3 d5 3.c4 c6 4.Qc2 e6 5.g3 Bd6 6.Bg2 O-O 7.Nbd2 Nbd7 8.O-O Re8
9.b3 e5 10.cxd5 Nxd5 11.Nc4 Bc7 12.Nfxe5 Nxe5 13.dxe5 Bxe5 14.Nxe5 Rxe5 15.Bb2 Re8
16.e4 Nf6 17.Rad1 Qe7 18.h3 Be6 19.f4 Rad8 20.f5 Bc8 21.e5 Nd5 22.f6 Qb4
23.Qc1 Nc7 24.Ba3 Qa5 25.Bd6 Ne6 26.fxg7 Qxa2 27.Rd3 Qa6 28.Be4 Kxg7 29.Rf6 Kh8  1-0

[Event "AUT-chT"]
[Site "Austria"]
[Date "1990.??.??"]
[Round "?"]
[White "Hoelzl, Franz"]
[Black "Herndl, Harald"]
[Result "0-1"]
[WhiteElo "2390"]
[BlackElo "2300"]

1.d4 d5 2.c4 c6 3.Nf3 Nf6 4.Qc2 g6 5.Bg5 Bg7 6.e3 Ne4 7.Bh4 Qa5+ 8.Nc3 Bf5
9.Qb3 Nd7 10.Be2 Ndc5 11.dxc5 Nxc3 12.cxd5 Ne4+ 13.Kf1 Nxc5 14.Qc4 cxd5 15.Qxd5 Rd8
16.Qc4 Bxb2 17.Qb5+ Qxb5 18.Bxb5+ Kf8 19.Re1 a6 20.Be2 f6 21.h3 h5 22.Bg3 e5
23.Kg1 g5 24.h4 g4 25.Nh2 Rd2 26.Nf1 Rc2 27.e4 Bxe4 28.Ne3 Rc1 29.Rxc1 Bxc1
30.Kh2 Bxe3 31.fxe3 Ke7 32.Be1 Ne6 33.Bb4+ Kf7 34.Bc4 Rd8 35.Ba5 Rd7 36.a4 Bc6
37.Ra1 b5 38.axb5 axb5 39.Ba2 Ra7 40.Bb4 Ra4 41.Bd6 Bd5  0-1

[Event "Badenweiler op"]
[Site "Badenweiler"]
[Date "1990.??.??"]
[Round "4"]
[White "Kachiani Gersinska, Ketino"]
[Black "Tischbierek, Raj"]
[Result "0-1"]
[WhiteElo "2330"]
[BlackElo "2495"]

1.d4 d5 2.c4 c6 3.Nf3 Nf6 4.Qc2 g6 5.Bf4 Bg7 6.e3 O-O 7.Nc3 Na6 8.h3 c5 9.dxc5 Bf5
10.Qd1 Nxc5 11.cxd5 Nfe4 12.Be5 Nxc3 13.bxc3 Bxe5 14.Nxe5 Qa5 15.Rc1 Rac8
16.Bc4 Na4 17.Qb3 Nb6 18.Rd1 Kg7 19.g4 Be4 20.O-O f6 21.Rd4 Bc2 22.Qxc2 fxe5
23.Qe4 exd4 24.Qe5+ Rf6 25.Qxe7+ Rf7 26.Qe5+ Kg8 27.Bb3 dxc3 28.Qe6 Qb5 29.d6 Qd7
30.Qe5 c2 31.Rc1 Nc4 32.Qd5 Nxd6 33.Qd4 Qe7  0-1

[Event "Biel op"]
[Site "Biel"]
[Date "1990.??.??"]
[Round "9"]
[White "Ionescu, Constantin"]
[Black "Smagin, Sergey"]
[Result "1/2-1/2"]
[WhiteElo "2440"]
[BlackElo "2550"]

1.d4 Nf6 2.c4 c6 3.Nf3 d5 4.Qc2 dxc4 5.Qxc4 Bf5 6.g3 e6 7.Bg2 Nbd7 8.O-O Be7
9.e3 O-O 10.Qe2 Qa5 11.Nbd2 h6 12.e4 Bh7 13.b3 Qb5 14.Qe3 Ng4 15.Qe1 c5 16.h3 Ngf6
17.Bb2 Rfd8 18.Qe3 Qa6 19.Rfc1 cxd4 20.Bxd4 b6 21.Rc7 Rac8 22.Bf1 Qa5 23.Nc4 Qh5
24.Rxa7 Nxe4 25.g4 Qd5 26.Nxb6 Nxb6 27.Bxb6 Bc5 28.Bxc5 Rxc5 29.Bc4 Qd6 30.Re1 Rc7
31.Ra6 Qb4 32.Ne5 Ra8 33.Rb6 Qa3 34.Ra6 Qb4 35.Rb6 Qa3 36.Ra6  1/2-1/2

[Event "Spring op"]
[Site "Budapest"]
[Date "1990.??.??"]
[Round "4"]
[White "Hradeczky, Tamas"]
[Black "Sherzer, Alex"]
[Result "0-1"]
[WhiteElo "2285"]
[BlackElo "2440"]

1.d4 d5 2.Nf3 Nf6 3.c4 c6 4.g3 Bf5 5.Bg2 e6 6.O-O Nbd7 7.Nbd2 h6 8.b3 Bd6
9.Bb2 Qb8 10.Re1 Bh7 11.Nh4 g5 12.Nhf3 O-O 13.e3 Ne4 14.Nxe4 Bxe4 15.Nd2 Bxg2
16.Kxg2 f5 17.f3 Qe8 18.Qc2 Qh5 19.h3 Nf6 20.Re2 Rf7 21.Rh1 Raf8 22.Bc3 Qg6
23.Rf1 Nh5 24.g4 Ng3 25.Ree1 Nxf1 26.Rxf1 h5 27.Qd3 Rg7 28.cxd5 cxd5 29.gxf5 Qxf5
30.Qxf5 exf5 31.e4 Rc7  0-1

[Event "Utasellato IM-A"]
[Site "Budapest"]
[Date "1990.??.??"]
[Round "11"]
[White "Stajcic, Nikola"]
[Black "Varga, Peter"]
[Result "1/2-1/2"]
[WhiteElo "2290"]
[BlackElo "2250"]

1.d4 d5 2.Nf3 Nf6 3.c4 c6 4.Qc2 dxc4 5.Qxc4 Bf5 6.Nc3 e6 7.Qb3 Qb6 8.Qd1 Nbd7
9.Nh4 Bg6 10.Nxg6 hxg6 11.e4 Bb4 12.f3 c5 13.a3 cxd4 14.axb4 dxc3 15.bxc3 Qc7
16.Qd4 a6 17.g3 Rc8 18.Bd2 Ne5 19.Be2 Rd8 20.Qe3 Nc4 21.Bxc4 Qxc4 22.Qe2 Rd3
23.Rc1 b5 24.O-O O-O 25.Rfd1 Ra8 26.Be1 Rxd1 27.Qxd1 Kh7 28.Qd4 Qe2 29.Qf2 Qd3
30.Ra1 g5 31.g4 Ng8 32.Kg2 f5 33.exf5 exf5 34.Qd2 Qxd2+ 35.Bxd2 Kg6 36.Be3 Nf6
37.gxf5+ Kxf5 38.Bd4 g4 39.Kf2 gxf3 40.Kxf3 g5 41.Bxf6 Kxf6 42.Kg4 Ke5 43.Re1+ Kd5
44.Kxg5 Rg8+ 45.Kf4 Rh8 46.Kg3 Rg8+ 47.Kf2 Rh8 48.Kg2 Rg8+ 49.Kh1 Kc4 50.Re3 Rh8
51.h3 Kb3 52.Kh2 Kc2 53.Rf3 Rh7 54.Kg3 Rg7+ 55.Kh4 Rg8 56.Kh5 Rh8+ 57.Kg6 Kb2
58.Kf7 Kb3 59.Ke6 Rh6+ 60.Kd7 Rh7+ 61.Kc6 Rh6+ 62.Kb7 Ka4 63.h4 Rxh4 64.Kxa6 Rh6+
65.Kb7 Kb3 66.Kc7 Kc4 67.Rg3 Kb3 68.Rd3 Kc4 69.Rd6 Rh7+ 70.Kb6 Kxc3  1/2-1/2

[Event "Cannes op"]
[Site "Cannes"]
[Date "1990.??.??"]
[Round "3"]
[White "Lalic, Bogdan"]
[Black "Kiss, Pal"]
[Result "1-0"]
[WhiteElo "2475"]
[BlackElo "2300"]

1.Nf3 d5 2.d4 Nf6 3.c4 c6 4.Qc2 dxc4 5.Qxc4 Bf5 6.Nc3 e6 7.g3 Nbd7 8.Bg2 Be7
9.O-O O-O 10.e3 Ne4 11.Rd1 Nxc3 12.bxc3 Be4 13.Qb3 Qc7 14.c4 c5 15.Bb2 Rfd8
16.Rac1 b6 17.d5 e5 18.Nxe5 Bxg2 19.Nc6 Bf3 20.Nxe7+ Kf8 21.e4 Bxe4 22.Qe3 Bg6
23.Qg5 Re8 24.Re1 Nb8 25.Bxg7+  1-0

[Event "Cannes op"]
[Site "Cannes"]
[Date "1990.??.??"]
[Round "9"]
[White "Foisor, Ovidiu"]
[Black "Kiss, Pal"]
[Result "1/2-1/2"]
[WhiteElo "2455"]
[BlackElo "2300"]

1.d4 d5 2.c4 c6 3.Nf3 Nf6 4.Qc2 dxc4 5.Qxc4 Bf5 6.g3 e6 7.Bg2 Nbd7 8.O-O Be7
9.Nc3 O-O 10.e3 Ne4 11.Nd2 Nxd2 12.Bxd2 e5 13.e4 exd4 14.exf5 dxc3 15.Bxc3 Bf6
16.Bb4 Re8 17.Rad1 Qc7 18.Bd6 Qa5 19.Qb4 Qxb4 20.Bxb4 Nb6 21.b3 Rad8 22.Rxd8 Rxd8
23.Ba5 Rd7 24.Re1 Kf8 25.Bb4+ Be7 26.Bc3 Bf6 27.Bb4+ Be7 28.Bc3 Bf6 29.Bb4+ Be7  1/2-1/2

[Event "Copenhagen op"]
[Site "Copenhagen"]
[Date "1990.??.??"]
[Round "9"]
[White "Adamski, Jan"]
[Black "Hector, Jonny"]
[Result "0-1"]
[WhiteElo "2410"]
[BlackElo "2465"]

1.d4 d5 2.Nf3 Nf6 3.c4 c6 4.Qb3 e6 5.g3 Bd6 6.Bg2 O-O 7.Bg5 Qa5+ 8.Bd2 Qa6
9.c5 Bc7 10.Nc3 b6 11.cxb6 axb6 12.O-O c5 13.Nb5 Bd8 14.a4 Nc6 15.Rfc1 c4
16.Qd1 Bd7 17.b3 cxb3 18.Qxb3 Ne4 19.Be1 Na5 20.Bxa5 Qxa5 21.e3 Bf6 22.Bf1 Rfc8
23.Rxc8+ Rxc8 24.Kg2 g5 25.h3 h5 26.g4 Qa8 27.Be2 Qc6 28.Qb2 hxg4 29.hxg4 Kg7
30.Bd3 Kg8 31.Be2 Bg7 32.Rb1 Qc2 33.Ne1 Qxb2 34.Rxb2 Rc1 35.Nd3 Ra1 36.Ne5 Bxe5
37.dxe5 Rxa4 38.Nd4 Nc3 39.Bd3 b5 40.Nxb5 Bxb5 41.Bxb5 Nxb5 42.Rxb5 Rxg4+
43.Kh3 Re4 44.Rb3 Kg7 45.f3 Rxe5 46.Kg4 Kg6 47.Kg3 f5 48.Kh3 Kh5  0-1

[Event "Debrecen"]
[Site "Debrecen"]
[Date "1990.??.??"]
[Round "5"]
[White "Romanishin, Oleg M"]
[Black "Dorfman, Josif D"]
[Result "1/2-1/2"]
[WhiteElo "2525"]
[BlackElo "2595"]

1.d4 d5 2.c4 c6 3.Nf3 Nf6 4.Qb3 e6 5.g3 Be7 6.Bg2 O-O 7.O-O b6 8.Nc3 Ba6
9.cxd5 cxd5 10.Bg5 Nc6 11.Rfc1 Bb7 12.e3 h6 13.Bxf6 Bxf6 14.Bf1 Qd6 15.Nb5 Qb8
16.a4 Rc8  1/2-1/2

[Event "Troll Masters"]
[Site "Gausdal"]
[Date "1990.??.??"]
[Round "2"]
[White "Bellin, Jana"]
[Black "Engqvist, Thomas"]
[Result "0-1"]
[WhiteElo "2240"]
[BlackElo "2335"]

1.d4 d5 2.c4 c6 3.Nf3 dxc4 4.g3 b5 5.Bg2 Bb7 6.O-O e6 7.Nc3 Nd7 8.e4 Ngf6
9.Qe2 Be7 10.d5 cxd5 11.exd5 Nxd5 12.Nxb5 O-O 13.Qxc4 Rc8 14.Qe2 Ba6 15.a4 Nc5
16.Bd2 Bf6 17.Rfd1 Qb6 18.Ne5 Nxa4 19.Bxd5 Bxb5 20.Bc4 Bxc4 21.Nxc4 Qb5 22.Rdc1 Bxb2
23.Rab1 Qa6 24.Rc2 Bc3 25.Bxc3 Qxc4 26.Qf3 Nxc3 27.Kg2 Qd5  0-1

[Event "Arnold Cup"]
[Site "Gausdal"]
[Date "1990.??.??"]
[Round "3"]
[White "Yndesdal, Kjell"]
[Black "Engqvist, Thomas"]
[Result "0-1"]
[WhiteElo "2300"]
[BlackElo "2335"]

1.d4 d5 2.c4 c6 3.Nf3 dxc4 4.a4 b5 5.e3 e6 6.axb5 cxb5 7.b3 Bb4+ 8.Bd2 Bxd2+
9.Nbxd2 a5 10.bxc4 b4 11.Bd3 Nf6 12.O-O O-O 13.Qc2 Bb7 14.e4 Nh5 15.e5 h6
16.Be4 Qc7 17.Nb3 Nc6 18.Rfe1 a4 19.Nc5 Nxd4 20.Nxd4 Qxc5 21.Bxb7 Ra7 22.Bf3 Qxd4
23.Bxh5 b3 24.Qb1 Rb8 25.Bd1 Qxc4 26.Re4 Qc3 27.Re3 Qxa1 28.Qxa1 b2 29.Qb1 Rc7
30.Re1 Rc1 31.Bc2 Rxb1 32.Bxb1 Rc8 33.Kf1 Rc1 34.Ba2 Ra1 35.Bb1 Rxb1 36.Rxb1 a3
37.Ke2 a2 38.Rxb2 a1=Q 39.Rb8+ Kh7 40.f4 Qg1  0-1

[Event "Arnold Cup"]
[Site "Gausdal"]
[Date "1990.??.??"]
[Round "5"]
[White "Hansen, Lars Bo"]
[Black "Engqvist, Thomas"]
[Result "1-0"]
[WhiteElo "2460"]
[BlackElo "2335"]

1.Nf3 d5 2.d4 c6 3.c4 dxc4 4.e3 b5 5.a4 e6 6.axb5 cxb5 7.b3 Bb4+ 8.Bd2 Bxd2+
9.Nbxd2 a5 10.bxc4 b4 11.Bd3 Nf6 12.O-O O-O 13.Qc2 Nbd7 14.c5 Bb7 15.e4 h6
16.Bb5 Qc7 17.Ra2 Bc6 18.Bxc6 Qxc6 19.Rfa1 Qb5 20.Qa4 Rfb8 21.c6 Nf8 22.c7 Rb7
23.Qxb5 Rxb5 24.Rxa5 Rbxa5 25.Rxa5 Rc8 26.Rc5 Ne8 27.Kf1 Nd7 28.Rc4 Rxc7
29.Rxb4 Nd6 30.Ke2 Rc3 31.g4 Nf6 32.Rb8+ Nc8 33.Ne5 Rc7 34.f3 Kf8 35.h4 Ke7
36.Kd3 h5 37.g5 Ne8 38.Ndc4 Ned6 39.Na5 Ke8 40.Nac4 Nxc4 41.Nxc4 Ke7 42.f4 Nd6
43.Nxd6 Kxd6 44.Rb6+ Kd7 45.f5 Ra7 46.fxe6+ fxe6 47.Ke3 Ke7 48.Kf4 Ra5 49.Rb7+ Kf8
50.g6 e5+ 51.dxe5 Ra1 52.e6 Ra6 53.Kf5 Ra4 54.Rf7+ Kg8 55.e7 Ra8 56.Kg5  1-0

[Event "NRW-Liga I 8990"]
[Site "Germany"]
[Date "1990.??.??"]
[Round "?"]
[White "Schwarzkopf, Christian"]
[Black "Heil, Siegfried"]
[Result "1/2-1/2"]
[WhiteElo "2265"]
[BlackElo "2370"]

1.d4 d5 2.Nf3 Nf6 3.c4 c6 4.g3 Bf5 5.Nc3 e6 6.Qb3 Qb6 7.c5 Qxb3 8.axb3 Na6
9.Ra4 Bc2 10.e4 Nc7 11.e5 Nd7 12.Kd2 Bf5 13.Nh4 Bg4 14.h3 Bh5 15.g4 Be7 16.Nf3 Bg6
17.b4 b5 18.Ra1 O-O 19.Bg2 f6 20.Ke2 fxe5 21.Nxe5 Nxe5 22.dxe5 a5 23.bxa5 Bxc5
24.Nd1 Bc2 25.f4 Bb4 26.Be3 Bb3 27.Bb6 Na6 28.Ne3 Rxf4 29.Raf1 Rxf1 30.Rxf1 Nb8
31.Rc1 Ra6 32.Bc7 Nd7 33.g5 c5 34.h4 Rc6 35.Bd6 Bxa5 36.Bh3 d4 37.Ra1 Ra6
38.Bc7 dxe3 39.Rxa5 Rxa5 40.Bxa5 Nxe5 41.Bc7 Nd7 42.Kxe3 Kf7 43.h5 Ke7 44.Bf1 b4
45.Bd3 Nf8 46.Be5 g6 47.h6 Nd7 48.Bg7 Kf7 49.Bb5 Nb6 50.Be5 Ba4 51.Be2 Bc6  1/2-1/2

[Event "Regionalliga NordS"]
[Site "Germany"]
[Date "1990.??.??"]
[Round "?"]
[White "Lanzendoerfer, Johannes"]
[Black "Teschner, Rudolf"]
[Result "1/2-1/2"]
[WhiteElo "2245"]
[BlackElo "2290"]

1.d4 d5 2.Nf3 Nf6 3.c4 c6 4.Qc2 g6 5.Bf4 Bf5 6.Qb3 Qb6 7.c5 Qxb3 8.axb3 Bxb1
9.Rxb1 Nbd7 10.e3 Nh5 11.Bd3 Nxf4 12.exf4 Bh6 13.g3 e6 14.h4 Ke7 15.Ke2 b6
16.b4 bxc5 17.bxc5 a5 18.h5 Rab8 19.b3 Bg7 20.hxg6 hxg6 21.Rxh8 Bxh8 22.Ne5 Nxe5
23.fxe5 f6 24.f4 g5 25.Bc2 gxf4 26.gxf4 fxe5 27.fxe5 Rg8 28.Ra1 Rg2+ 29.Kd3 Rg3+
30.Ke2 Rg2+ 31.Kd3 Rg3+ 32.Ke2  1/2-1/2

[Event "SWE-ch"]
[Site "Gothenburg"]
[Date "1990.??.??"]
[Round "?"]
[White "Bergstrom, Christer"]
[Black "Wessman, Richard"]
[Result "1/2-1/2"]
[WhiteElo "2425"]
[BlackElo "2505"]

1.Nf3 Nf6 2.c4 c6 3.g3 d5 4.d4 Bf5 5.cxd5 cxd5 6.Nc3 Nc6 7.Bg2 e6 8.O-O Bd6
9.Qb3 a6 10.Bf4 O-O 11.Rac1 b5 12.Qd1 Rc8 13.Bxd6 Qxd6 14.e3 h6 15.Ne1 Qb4
16.b3 Rc7 17.Nd3 Bxd3 18.Qxd3 Rfc8 19.Nb1 Qa5 20.a3 Ne7 21.Rxc7 Qxc7 22.a4 bxa4
23.bxa4 Qa5 24.Qa3 Nf5 25.Bf3 g6 26.Be2 Kg7 27.Qd3 Rc4 28.Nd2 Rxa4 29.Nb3 Qb4
30.Nc5 Ra3 31.Rb1 Rxd3 32.Rxb4 Rd2 33.Bxa6 Ng4 34.Nd3 h5 35.Rb2 Rd1+ 36.Kg2 Ra1
37.Bb5 Nd6 38.h3 Nf6 39.Ne5 Nfe4  1/2-1/2

[Event "Groningen op"]
[Site "Groningen"]
[Date "1990.??.??"]
[Round "6"]
[White "Rashkovsky, Nukhim N"]
[Black "Levitt, Jonathan"]
[Result "1/2-1/2"]
[WhiteElo "2530"]
[BlackElo "2455"]

1.d4 d5 2.c4 c6 3.Nf3 Nf6 4.Qb3 e6 5.g3 Be7 6.Bg2 O-O 7.O-O b5 8.c5 a5 9.Qc2 Nbd7
10.Nbd2 Qc7 11.e4 e5 12.Re1 exd4 13.Nxd4 Bxc5 14.N2b3  1/2-1/2